| 000 | 00719nam a22002177a 4500 | ||
|---|---|---|---|
| 999 |
_c15366 _d15366 |
||
| 003 | AR-CdUCM | ||
| 008 | 190426b ||||| |||| 00| 0 spa d | ||
| 020 | _a978-968-16-7184-6 | ||
| 040 |
_aMUNICIPALIDAD PROVINCIAL DEL CUSCO _cBIBLIOTECA MUNICIPAL DEL CUSCO |
||
| 041 | _heng | ||
| 082 |
_aPI / 808.068 / _bB26 |
||
| 100 |
_aBrowne, Anthony _925011 |
||
| 245 | _aEl juego de las formas / | ||
| 260 |
_aMéxico : _bFondo de cultura económica, _c2004. |
||
| 300 |
_a28 páginas ; _bIlustraciones, _c28 cm. |
||
| 440 |
_aLos especiales de A la orilla del viento ; _933315 |
||
| 650 |
_aLiteratura infantil _9588 |
||
| 700 |
_aLoyo, Ernestina (traducción) _934414 |
||
| 942 |
_2ddc _cLIBROS |
||
| 945 |
_aacv _d2019-04-26 |
||